000 00404cam a2200169ua 4500
003 OSt
005 20260224123753.0
008 260224b |||||||| |||| 00| 0 eng d
041 _aeng
082 _a671.35
_bTHE/MI
100 _aTheegarten , A .
_97890
245 _aMilling /
260 _a :
_bMachinery Publishing Co Ltd ,
_c1961.
300 _a76 ; .
700 1 _aGeyer, M .
_97891
942 _cBK
999 _c3309
_d3309